El delito de peculado : (Registro nro. 28819)

Detalles MARC
000 -LEADER
fixed length control field 00895nam a2200265Ia 4500
003 - CONTROL NUMBER IDENTIFIER
control field CO-CtgCURN
005 - DATE AND TIME OF LATEST TRANSACTION
control field 20250408171552.0
008 - FIXED-LENGTH DATA ELEMENTS--GENERAL INFORMATION
fixed length control field 190723s9999 xx 000 0 und d
020 ## - INTERNATIONAL STANDARD BOOK NUMBER
International Standard Book Number 9789587694598
040 ## - CATALOGING SOURCE
Original cataloging agency CO-CtgCURN
Language of cataloging spa
Transcribing agency coctgcurn
082 ## - DEWEY DECIMAL CLASSIFICATION NUMBER
Classification number 345.023
Item number A141d
100 ## - MAIN ENTRY--PERSONAL NAME
Personal name Abello Gual, Jorge Arturo
245 #0 - TITLE STATEMENT
Title El delito de peculado :
Remainder of title discusiones actuales /
Statement of responsibility, etc. Jorge Arturo Abello Gual
250 ## - EDITION STATEMENT
Edition statement 1 edición
260 ## - PUBLICATION, DISTRIBUTION, ETC.
Place of publication, distribution, etc. Bogotá, Colombia :
Name of publisher, distributor, etc. Leyer,
Date of publication, distribution, etc. 2016
300 ## - PHYSICAL DESCRIPTION
Extent 282 páginas ;
Dimensions 23 centímetros
490 ## - SERIES STATEMENT
Series statement UniAcademia
504 ## - BIBLIOGRAPHY, ETC. NOTE
Bibliography, etc. note Incluye referencias bibliografica (p. 275-280)
521 ## - TARGET AUDIENCE NOTE
Target audience note AREA PROFESIONAL
590 ## - LOCAL NOTE (RLIN)
Local note Programa de Derecho_18
650 ## - SUBJECT ADDED ENTRY--TOPICAL TERM
Topical term or geographic name entry element Derecho penal
Geographic subdivision Colombia
650 ## - SUBJECT ADDED ENTRY--TOPICAL TERM
Topical term or geographic name entry element Peculado
Geographic subdivision Colombia
942 ## - ADDED ENTRY ELEMENTS (KOHA)
Koha item type Libros
Classification part 345023
Item part A141d
Source of classification or shelving scheme Dewey Decimal Classification
Suppress in OPAC No
Existencias
Withdrawn status Lost status Damaged status Not for loan Collection Home library Current library Shelving location Date acquired Inventory number Total checkouts Full call number Barcode Date last seen Copy number Price effective from Koha item type
          Miguel Henríquez Castañeda Barranquilla Miguel Henríquez Castañeda Barranquilla General 06/19/2019 04662   345.023 A141d 04662 07/23/2019 ej.1 07/23/2019 Libros